Guess The Celtics Player 2024-2025 Roster - Statistics

General Stats
  • This quiz has been taken 21 times
  • The average score is 6 of 17
Answer Stats
Player Outside Scoring Inside Scoring Defense Athleticism Playmaking Rebounding Badges % Correct
Jayson Tatum 91 85 76 85 80 69 28
100%
Jaylen Brown 87 79 75 85 79 54 21
87%
Jrue Holiday 79 58 81 79 80 49 17
87%
Kristaps Porzingis 85 85 66 77 50 65 15
80%
Derrick White 88 60 81 80 82 47 14
73%
Al Horford 73 71 72 77 58 56 11
47%
Payton Pritchard 91 50 45 71 78 50 10
33%
JD Davison 65 50 52 74 78 46 0
13%
Xavier Tillman 55 70 66 72 51 62 2
13%
Anton Watson 63 63 53 72 54 59 0
7%
Baylor Scheierman 70 49 49 73 67 50 0
7%
Drew Peterson 71 56 45 71 60 59 0
7%
Jordan Walsh 59 59 67 78 58 71 0
7%
Luke Kornet 74 68 62 64 46 82 9
7%
Neemias Queta 63 65 58 73 43 75 3
7%
Sam Hauser 83 56 48 72 48 49 4
7%
Jaden Springer 64 49 70 74 71 55 0
0%
No matching quizzes found
Score Distribution
Percent of People with Each Score
Percentile by Number Answered
Your Score History
You have not taken this quiz